Catálogo público

Normal view MARC view

Entry Nombre personal

Number of records used in: 4

001 - NÚMERO DE CONTROL

  • campo de control: 137926

003 - IDENTIFICADOR DEL NÚMERO DE CONTROL

  • campo de control: OSt

005 - FECHA Y HORA DE LA ÚLTIMA TRANSACCIÓN

  • campo de control: 20220127155839.0

008 - DATOS DE LONGITUD FIJA

  • campo de control de longitud fija: 220127|| aca||aabn | a|a d

040 ## - FUENTE DE LA CATALOGACIÓN

  • Centro catalogador/agencia de origen: OSt
  • Centro/agencia transcriptor: OSt

100 ## - ENCABEZAMIENTO-NOMBRE DE PERSONA

  • Nombre de persona: Castrellón Montelongo, Jorge L., director

670 ## - FUENTE DE DATOS ENCONTRADOS

  • Cita de la fuente: Work cat.: (OSt)163888: García Arguello, Diego 130656, Calidad nutritiva de las hojas del arbusto engordacabra (Dalea zimapanica S. Schauer) con diferente manejo agronómico \ Diego García Arguello, 2016